Gaming Quiz

Random Gaming Quiz

Club Penguin Game Day Games Quiz Stats

Quiz not verified by Sporcle

Challenge
Share
Tweet
Embed
Score 0/12 Timer 06:00
0 Plays Today
% Correct
Bean Balance
85.7%
Java Jump
85.7%
Sumo Smash
71.4%
Sled & Slide
71.4%
Dance Off
71.4%
Goal
71.4%
Jack Hammer
71.4%
Fast Freeze
71.4%
Rollin' Riot
71.4%
Snowball Battle
57.1%
Feed A Puffle
57.1%
Puffle Paddle
57.1%

You're not logged in!

Compare scores with friends on all Sporcle quizzes.
Join for Free
OR
Log In

You Might Also Like...

Show Comments

Extras

Created Sep 28, 2011ReportNominate
Tags:club, Club Penguin, penguin

Top Quizzes Today


Score Distribution

Your Account Isn't Verified!

In order to create a playlist on Sporcle, you need to verify the email address you used during registration. Go to your Sporcle Settings to finish the process.

Report this User

Report this user for behavior that violates our Community Guidelines.

Details: